Statistiques concernant Ballon d'or 2èmes

Cliquez ici pour prendre le quiz!

Statistiques générales

  • Ce quiz a été pris 55 fois
  • Le résultat moyen est 20 sur 66

Statistiques - réponses

AnnéeBallon d'or2ème3ème% Correct
2009Lionel MessiCristiano RonaldoXavi
96%
2015Lionel MessiCristiano RonaldoNeymar
96%
2007KakaCristiano RonaldoLionel Messi
96%
2018Luka ModricCristiano RonaldoAntoine Griezmann
96%
2011Lionel MessiCristiano RonaldoXavi
96%
2012Lionel MessiCristiano RonaldoAndres Iniesta
96%
1996Matthias SammerRonaldoAlan Shearer
96%
2014Cristiano RonaldoLionel MessiManuel Neuer
94%
2013Cristiano RonaldoLionel MessiFranck Ribery
94%
2016Cristiano RonaldoLionel MessiAntoine Griezmann
94%
2017Cristiano RonaldoLionel MessiNeymar
94%
2008Cristiano RonaldoLionel MessiFernando Torres
94%
2010Lionel MessiAndres IniestaXavi
84%
2000Luis FigoZinedine ZidaneAndriy Chevtchenko
76%
2003Pavel NedvedThierry HenryPaolo Maldini
71%
2006Fabio CannavaroGianluigi BuffonThierry Henry
65%
2019Lionel MessiVirgil Van DijkCristiano Ronaldo
59%
2005RonaldinhoFrank LampardSteven Gerrard
43%
2002RonaldoRoberto CarlosOliver Kahn
37%
1994Hristo StoichkovRoberto BaggioPaolo Maldini
29%
1993Roberto BaggioDennis BergkampEric Cantona
27%
1966Bobby CharltonEusebioFranz Beckenbauer
27%
1962Joseph MasopustEusebioKarl-Heinz Schnellinger
27%
2021Lionel MessiRobert LewandowskiJorginho
25%
1998Zinedine ZidaneDavor SukerRonaldo
24%
1992Marco Van BastenHristo StoichkovDennis Bergkamp
24%
1999RivaldoDavid BeckhamAndriy Chevtchenko
20%
2001Michael OwenRaulOliver Kahn
18%
1956Stanley MatthewsAlfredo Di StefanoRaymond Kopa
14%
2004Andriy ChevtchenkoDecoRonaldinho
14%
1974Johan CruyffFranz BeckenbauerKazimierz Deyna
14%
1975Oleg BlokhineFranz BeckenbauerJohan Cruyff
14%
1972Franz BeckenbauerGerd MullerGunter Netzer
14%
1959Alfredo Di StefanoRaymond KopaJohn Charles
12%
1982Paolo RossiAlain GiresseZbignew Boniek
10%
1967Florian AlbertBobby CharltonJimmy Johnstone
10%
1968George BestBobby CharltonDragan Dzajic
10%
1977Allan SimonsenKevin KeeganMichel Platini
10%
1969Gianni RiveraLuigi RivaGerd Muller
10%
1961Omar SivoriLuis SuarezJohnny Haynes
10%
1964Denis LawLuis SuarezAmancio Amaro
10%
1988Marco Van BastenRuud GullitFrank Rijkaard
10%
1963Lev YachineGianni RiveraJimmy Greaves
8%
1995George WeahJurgen KlinsmannJari Litmanen
8%
1984Michel PlatiniJean TiganaPreben Elkaer Larsen
6%
1985Michel PlatiniPreben Elkaer LarsenBernd Schuster
6%
2020---
4%
1980Karl-Heinz RummeniggeBernd SchusterMichel Platini
4%
1989Marco Van BastenFranco BaresiFrank Rijkaard
4%
1997RonaldoPredrag MijatovicZinedine Zidane
4%
1970Gerd MullerBobby MooreLuigi Riva
2%
1991Jean-Pierre PapinDejan SavicevicDarko Pancev
2%
1960Luis SuarezFerenc PuskasUwe Seeler
2%
1979Kevin KeeganKarl-Heinz RummeniggeRuud Krol
2%
1983Michel PlatiniKenny DalglishAllan Simonsen
2%
1987Ruud GullitPaulo FutreEmilio Butragueno
2%
1976Franz BeckenbauerRob RensenbrikIvo Viktor
2%
1990Lothar MatthausSalvatore SchillaciAndreas Brehme
2%
1957Alfredo Di StefanoBilly WrightRaymond Kopa
0%
1973Johan CruyffDino ZoffGerd Muller
0%
1986Igor BelanovGary LinekerEmilio Butragueno
0%
1965EusebioGiacinto FacchettiLuis Suarez
0%
1978Kevin KeeganHans KranklRob Rensenbrik
0%
1958Raymond KopaHelmut RahnJust Fontaine
0%
1981Karl-Heinz RummeniggePaul BreitnerBernd Schuster
0%
1971Johan CruyffSandro MazzolaGeorge Best
0%

Distribution des résultats

Percentile par nombre de réponses

% des personnes avec chaque résultat

Votre développement - résultats

Vous n’avez pas pris ce quiz